Medzinárodný manažment vysokoškolská učebnica

Salvato in:
Dettagli Bibliografici
Autore principale: Šupín, Mikuláš
Altri autori: Kaputa, Vladislav, Maťová, Hana
Natura: Libro
Lingua:slovacco
Pubblicazione: Zvolen Technická univerzita vo Zvolene 2017
Edizione:1. vydanie
Soggetti:
Tags: Aggiungi Tag
Nessun Tag, puoi essere il primo ad aggiungerne!!

MARC

LEADER 00000nam a2200000 4500
001 0315165
005 20260312145317.0
020 |a 978-80-228-3027-0 
041 0 |a slo 
044 |a SK 
245 1 0 |a Medzinárodný manažment  |b vysokoškolská učebnica  |c Mikuláš Šupín ... [et al.] 
250 |a 1. vydanie 
264 1 |a Zvolen  |b Technická univerzita vo Zvolene  |c 2017 
300 |a 230 s. 
610 2 0 |a manažment medzinárodný 
610 2 0 |a podnikanie medzinárodné 
610 2 0 |a spoločnosti nadnárodné 
610 2 0 |a podnikanie zodpovedné 
610 2 0 |a komunikácia interkultúrna 
610 2 0 |a podnik medzinárodný 
610 2 0 |a trh medzinárodný 
100 1 |a Šupín, Mikuláš 
700 1 |a Kaputa, Vladislav 
700 1 |a Maťová, Hana